| 000 | 00697nam a22002537a 4500 | ||
|---|---|---|---|
| 001 | |||
| 003 | DO-SdBNP | ||
| 005 | 20220824084304.0 | ||
| 007 | 00000157781 | ||
| 008 | 160518b 2004 ve a ||||| |||| 00| 0 spa d | ||
| 020 | _a9801108053 | ||
| 040 |
_aBPMSU _bspa _cBPMSU |
||
| 082 | 0 | 4 |
_a547 _bM313q 2004 _222 |
| 100 | 1 | _aMarcano, Deanna | |
| 245 | 1 | 0 |
_aQuímica orgánica / _cDeanna Marcano, Luís Cortés _b |
| 250 | _a2a.ed. | ||
| 260 |
_aMérida, Venezuela : _bUniversidad de los Andes, _c2004 |
||
| 300 |
_a1117 p. : _c23 cm. _b |
||
| 590 | _6Inventariado, 2022/VM | ||
| 650 | 4 |
_aQuímica orgánica. _x |
|
| 700 | 1 | _aPérez, Alfredo | |
| 910 | _aVMateo V. | ||
| 942 |
_2ddc _cBK |
||
| 999 |
_c14243 _d14243 |
||